00617cam a2200193 a 450000100100000000500170001000800410002702000150006804000290008308200200011210000410013224500670017326000520024030000270029249000210031965000300034065000320037083000210040200000600120200929151859.0850422s1985 pr a 001 p spa d a0940238802 aDO-SdBNPbspacLCdBNPHU aPR861.44bC796p1 aCórdova Iturregui, Félix,d1944-10aPara llenar de días el día /cFélix Córdova Iturregui. aRío Piedras, Puerto Rico :bHuracán,c1985. a56 p. :bil. ;c20 cm.1 aLa Flor del Agua 4aPoesía puertorriqueña 4aLiteratura puertorriqueña 0aLa Flor del Agua